| 000 | 02207nam0a2200385 4500 | ||
|---|---|---|---|
| 001 | RU\NLR\bibl\1351279 | ||
| 005 | 20260405200803.0 | ||
| 010 |
_a978-5-17-056527-6 _bАСТ)(С.: Шр. |
||
| 010 |
_a978-5-403-00150-2 _bАСТ МОСКВА _92000 |
||
| 021 |
_aRU _b2009-7218 _9414 |
||
| 021 |
_aRU _b2009-28178 _91686 |
||
| 035 | _a(NLR Aleph) 001336363 | ||
| 090 |
_a832706 _c832706 |
||
| 100 | _a20090403d2009 |||y0rusy50 ca | ||
| 101 | 1 |
_arus _ceng |
|
| 102 | _aRU | ||
| 105 | _ay ||||||||| | ||
| 200 | 1 |
_aИзбранницы любви _eсборник _f[пер. с англ. И. Кузнецовой] |
|
| 210 |
_aМосква _cАСТ _cАСТ Москва _d2009 |
||
| 215 |
_a315, [2] с. _d17 |
||
| 225 | 1 | _aШарм | |
| 300 | _aНа обл. авт.: Кристина Додд, Стефани Лоуренс, Джулия Куин, Карен Рэнни | ||
| 327 | 1 | _aСодерж.: Под шотландским пледом / Кристина Додд. Роза в цвету / Стефани Лоуренс. Гретна-Грин / Джулия Куин. Гленлионская невеста / Карен Рэнни | |
| 464 | 0 |
_12001#$aПод шотландским пледом _1700#1$3RU\NLR\auth\777645$aДодд$bК.$gКристина$4070 _tПод шотландским пледом _aДодд, Кристина |
|
| 464 | 0 |
_12001#$aРоза в цвету _1700#1$3RU\NLR\auth\774448$aЛоуренс$bС.$f1953-$gСтефания$3RU\NLR\AUTH\774448$4070 _tРоза в цвету _aЛоуренс, Стефания (1953-) |
|
| 464 | 0 |
_12001#$aГретна-Грин _1700#1$3RU\NLR\AUTH\774938$aКуин$bД.$gДжулия$f1970-$4070 _tГретна-Грин _aКуин, Джулия (1970-) |
|
| 464 | 0 |
_12001#$aГленлионская невеста _1700#1$aРэнни$bК.$gКарен$4070 _tГленлионская невеста _aРэнни, Карен |
|
| 686 | _aШ6(7США)67-4я43{Лх1979-50сб} | ||
| 702 | 1 |
_4730 _8rus _7ca _aКузнецова _bИ. В. _cлингвист _gИрина В. _3RU\NLR\auth\7788385 _971313 |
|
| 801 | 0 |
_aRU _bNLR _c20090403 _gRCR |
|
| 801 | 1 |
_aRU _bNLR _c20090403 |
|
| 942 | _cBOOK | ||
| 980 | _aNB | ||